Espécies de Felinos - Statistics

Estatísticas Gerais
  • Esse quiz foi jogado 148 vezes
  • A pontuação média é 6 de 42
Estatísticas das Respostas
Resposta % Correto
Leão
95%
Tigre
93%
Leopardo
84%
Puma
64%
Jaguar
55%
Gato doméstico
42%
Gato do mato
31%
Leopardo das neves
29%
Chita
27%
Caracal
16%
Lince ibérico
9%
Pantera nebulosa
9%
Lince euroasiático
7%
Ocelote
7%
Gato pescador
6%
Cerval
5%
Gato da selva
4%
Gato do deserto
4%
Gato leopardo
4%
Jaguarundi
4%
Lince do canadá
4%
Lince pardo
4%
Gato chileno
3%
Gato de pallas
3%
Gato dos pampas
3%
Gato selvagem europeu
3%
Gato vermelho de bornéu
3%
Gato marmoreado
2%
Gato selvagem africano
2%
Pantera nebulosa de bornéu
2%
Gato bravo de patas negras
1%
Gato de cabeça chata
1%
Gato do mato grande
1%
Gato dos andes
1%
Gato dourado africano
1%
Gato dourado asiático
1%
Maracajá
1%
Gato chinês da montanha
0%
Gato de iriomote
0%
Gato ferrugem
0%
Gato leopardo de sonda
0%
Gato tigre do sul
0%
Nenhum quiz correspondente encontrado
Distribuição das Pontuações
Porcentagem de Pessoas com Cada Pontuação
Percentil de Números Respondidos
Sua Pontuação Histórica
Você não jogou esse quiz